La teoría de Krashen vista por Terrell

Salvato in:
Dettagli Bibliografici
Autore principale: Hasbun, Leyla
Natura: Sconosciuto
Pubblicazione: San José, Costa Rica : Editorial de la Universidad de Costa Rica,
Soggetti:
Tags: Aggiungi Tag
Nessun Tag, puoi essere il primo ad aggiungerne!!

MARC

LEADER 000000000a22000000004500
001 000070
022 |a 0379-7082 
100 1 |a Hasbun, Leyla 
245 1 0 |a La teoría de Krashen vista por Terrell 
260 |a San José, Costa Rica :   |b Editorial de la Universidad de Costa Rica, 
310 |a semestral 
650 4 |a TEORIA DEL MONITOR 
650 4 |a KRASHEN, STEPHEN 
650 4 |a TERREL, TRACY 
650 4 |a LENGUAJE 
773 0 |t Educación: Revista de la Universidad de Costa Rica 
773 0 |g 14 
773 0 |g 2 
773 0 |g 109-112 
999 |c 820  |d 820